LEADER 01158nam 2200385 450 001 990001029660203316 035 $a0102966 035 $aUSA010102966 035 $a(ALEPH)000102966USA01 035 $a0102966 100 $a20020312d--------km-y0itay0103----ba 101 $afre 102 $aFR 110 $aaha-------- 200 1 $aBulletin signaletique$epert 523$ehistoire des sciences de la littérature 210 $aParis$cCentre National de la Recherche scientifique$cCentre de Documentation Sciences Humaines 215 $av.$d31 cm 326 $aTrimestrale 410 $12001 421 1$1001-------$12001 430 1$1001-------$12001 606 $aLetteratura$xperiodici 676 $a800 801 0$aIT$bsalbc$gISBD 912 $a990001029660203316 958 $aLM$bPERIODICI$c23 (1969)- scompleti 1982 959 $aSE 969 $aUMA 979 $aPATTY$b90$c20020312$lUSA01$h1712 979 $aPATTY$b90$c20020312$lUSA01$h1713 979 $aPATTY$b90$c20020325$lUSA01$h1744 979 $c20020403$lUSA01$h1743 979 $aPATRY$b90$c20040406$lUSA01$h1711 996 $aBulletin signaletique$9977078 997 $aUNISA LEADER 01259nam a2200301 i 4500 001 991000161549707536 005 20020509162824.0 008 990113s1975 it ||| | ita 035 $ab11319549-39ule_inst 035 $aPARLA203134$9ExL 040 $aDip.to Scienze dell'Antichità$bita 041 0 $aitalat 082 0 $a870.01 100 1 $aGiardini, Gino$0186566 245 11$a?Sapientia' pagana e cristiana :$bantologia di Lucrezio, Seneca e Agostino per la 3. liceo classico e la 5. liceo scientifico /$cGino Giardini, Gilberto Montuschi, Lao Paoletti 260 $aBologna :$bPàtron,$cc1975 300 $aX, 535 p, ;$c22 cm. 490 0 $aHumanitatis studia ;$v16 500 $aTesto latino. 650 4$aLetteratura latina 700 1 $aMontuschi, Gilberto$eauthor$4http://id.loc.gov/vocabulary/relators/aut$0539472 700 1 $aPaoletti, Lao$eauthor$4http://id.loc.gov/vocabulary/relators/aut$0200451 907 $a.b11319549$b23-02-17$c01-07-02 912 $a991000161549707536 945 $aLE007 870 GIA 01.01 (1975)$g1$i2015000028464$lle007$o-$pE0.00$q-$rl$s- $t0$u0$v0$w0$x0$y.i11490226$z01-07-02 996 $a"Sapientia" pagana e cristiana$91136640 997 $aUNISALENTO 998 $ale007$b01-01-99$cm$da $e-$fita$git $h1$i1 LEADER 02756 am 2200613 n 450 001 9910418027103321 005 20240229162235.0 010 $a979-1-03-654978-6 024 7 $a10.4000/books.ifp.5028 035 $a(CKB)4100000010959051 035 $a(FrMaCLE)OB-ifp-5028 035 $a(oapen)https://directory.doabooks.org/handle/20.500.12854/41521 035 $a(PPN)244247943 035 $a(EXLCZ)994100000010959051 100 $a20200414j|||||||| ||| 0 101 0 $afre 135 $auu||||||m|||| 181 $ctxt$2rdacontent 182 $cc$2rdamedia 183 $acr$2rdacarrier 200 14$aLes attaches de l?homme $eEnracinement paysan et logiques migratoires en Inde du Sud /$fJean-Luc Racine 210 1$aParis - Pondichéry :$cInstitut Français de Pondichéry,$d2019. 215 $a1 online resource (402 pages) 311 $a2-7351-0588-1 330 $aSpectaculaire, l?essor des grandes villes indiennes n'est pas le résultat d?un exode rural qui viderait peu à peu les campagnes. Bien au contraire, la population villageoise continue de croître, et l?essentiel des migrations indiennes sont intra-rurales. Fruit d?une recherche de terrain conduite dans le sud du pays, ce livre éclaire, en des milieux divers, les logiques d?enracinement paysan et les multiples stratégies de mobilité, bien plus complexes que ne le suggèrent les modèles dominants du comportement migratoire. Territoires, ressources, idéologie et parenté dessinent ainsi sans déterminisme sommaire l?éventail des choix possibles, auxquels chaque famille ou presque est confrontée, dans un large cadre socio-économique en constante évolution. 517 $aattaches de l?homme 606 $aRural-urban migration$zIndia 606 $aCommunity development$zIndia$zKarnataka 606 $aVillages$zIndia$zMandya (District) 607 $aKarnataka (India)$xRural conditions 607 $aSouth Kanara (India) 607 $aMysore (India) 610 $apeasant 610 $amobility 610 $amigration 610 $arural exodus 610 $aIndia 615 0$aRural-urban migration 615 0$aCommunity development 615 0$aVillages 676 $a307.2/4/09548 700 $aGuetat-Bernard$b Hélène$0692188 701 $aKalam$b M. A$g(Mohammed Abdul),$f1951-$01659305 701 $aLandy$b Fre?de?ric$f1963-$0426831 701 $aMahadev$b P. D$01659306 701 $aNagaraj$b K$01320025 701 $aRacine$b Jean-Luc$01233779 701 $aRoca$b Pierre-Jean$01320026 701 $aShivalingappa$b B. N$01659307 801 0$bFR-FrMaCLE 906 $aBOOK 912 $a9910418027103321 996 $aLes attaches de l?homme$94013890 997 $aUNINA